| 000 -LEADER |
| fixed length control field |
00971nam a22002657a 4500 |
| 001 - CONTROL NUMBER |
| control field |
3854 |
| 003 - CONTROL NUMBER IDENTIFIER |
| control field |
BD-DhUAP |
| 005 - DATE AND TIME OF LATEST TRANSACTION |
| control field |
20201126124621.0 |
| 008 - FIXED-LENGTH DATA ELEMENTS--GENERAL INFORMATION |
| fixed length control field |
201126s1996 wiua b 001 0 eng |
| 020 ## - INTERNATIONAL STANDARD BOOK NUMBER |
| International Standard Book Number |
0697152561 |
| 040 ## - CATALOGING SOURCE |
| Original cataloging agency |
DLC |
| Transcribing agency |
DLC |
| Modifying agency |
BD-DhUAP |
| Language of cataloging |
Eng |
| 082 00 - DEWEY DECIMAL CLASSIFICATION NUMBER |
| Edition number |
23 |
| Classification number |
372.370973 MIL |
| 100 1# - MAIN ENTRY--PERSONAL NAME |
| Personal name |
Miller, Dean F. |
| 245 10 - TITLE STATEMENT |
| Title |
Health education in the elementary & middle-level school / |
| Statement of responsibility, etc. |
Dean F. Miller, Susan K. Telljohann and Cynthia Wolford Symons. |
| 250 ## - EDITION STATEMENT |
| Edition statement |
2nd ed. |
| 260 ## - PUBLICATION, DISTRIBUTION, ETC. |
| Place of publication, distribution, etc. |
Madison, WI : |
| Name of publisher, distributor, etc. |
Brown & Benchmark Publishers, |
| Date of publication, distribution, etc. |
c1996. |
| 300 ## - PHYSICAL DESCRIPTION |
| Extent |
xi, 372 pages : |
| Other physical details |
illustrations ; |
| Dimensions |
26 cm. |
| 500 ## - GENERAL NOTE |
| General note |
Rev. ed. of: Health education in the elementary school. c1992. |
| 504 ## - BIBLIOGRAPHY, ETC. NOTE |
| Bibliography, etc. note |
Includes bibliographical references and index. |
| 650 #0 - SUBJECT ADDED ENTRY--TOPICAL TERM |
| Topical term or geographic name entry element |
Health education (Elementary) |
| Geographic subdivision |
United States. |
| 650 #0 - SUBJECT ADDED ENTRY--TOPICAL TERM |
| Topical term or geographic name entry element |
Health education (Middle school) |
| Geographic subdivision |
United States. |
| 700 1# - ADDED ENTRY--PERSONAL NAME |
| Personal name |
Telljohann, Susan Kay. |
| 700 2# - ADDED ENTRY--PERSONAL NAME |
| Personal name |
Symons, Cynthia Wolford. |
| 942 ## - ADDED ENTRY ELEMENTS (KOHA) |
| Source of classification or shelving scheme |
|
| Koha item type |
Book |